000 00731nam a2200193 i 4500
001 155890
003 ES-MaACL
005 20250723061848.0
008 040723s1880 fr |||| | fre d
040 _aCAM
_bspa
_cCAM
100 1 _aJhering, Rudolf von.
_9128302
245 1 0 _aEtudes complémentaires de l'esprit du droit romain.
_nI,
_pDe la faute en droit privé
_b: fragment historique /
_cpar R. von Jhering,... ; traduit avec l'autorisation de l'auteur par O. de Meulenaere.
260 _aParis :
_bA. Marescq,
_c1880.
300 _a83 p. ;
_c24 cm.
650 0 7 _aDerecho romano
_2embne
_911764
700 1 _aMeulenaere, O. de.
_9129879
852 _aES-MaACL
_jB-5311
_z-- Enc. hol.
999 _c155890
_d155890